| 000 | 01642nam a2200349Ia 4500 | ||
|---|---|---|---|
| 001 | dia_6197 | ||
| 003 | CHAP | ||
| 005 | 20251021155704.0 | ||
| 008 | 220117s2015 xx 000 0 und d | ||
| 010 | _a177413 | ||
| 040 | _cCHAP | ||
| 082 | _a342.03 P47 2015 | ||
| 111 |
_aSeminario Internacional de Transparencia Judicial (5 : 2014 sep. 1-3 : Ciudad de México) _9161098 |
||
| 245 | _aPerspectiva y desafíos de la reforma constitucional : memorias \ Seminario Judicial 2014 ; organizado por el Tribunal Electoral del Poder Judicial de la Federación, 1-3 de septiembre del 2014 en la Ciudad de México | ||
| 260 |
_aMéxico : _b Suprema Corte de Justicia de la Nación :, _b Consejo de la Judicatura Federal :, _b Tribunal Electoral del Poder Judicial de la Federación, _c2015 |
||
| 300 | _a348 p. | ||
| 440 |
_aMemorias del Seminario Judicial ; 5 _9161099 |
||
| 503 | _aD. | ||
| 504 | _aBibliografía: p. 348 | ||
| 590 | _aKGF3015 P47 2015 | ||
| 650 |
_aData protection _xLaw and legislation _xMexico _9161100 |
||
| 650 |
_aFreedom of information _xLaw and legislation _xMexico _9161101 |
||
| 650 |
_aLibertad de información _xLeyes y legislación _xMéxico _9161102 |
||
| 650 |
_aProtección de datos _xLegislación _xMéxico _9161103 |
||
| 650 |
_aTransparencia en el gobierno _xMéxico _9161104 |
||
| 650 |
_aTransparency in government _xMexico _9161105 |
||
| 711 |
_aSeminario Internacional de Transparencia Judicial (5 : 2014 sep. 1-3 : Ciudad de México) _9161098 |
||
| 901 | _a342.03 P47 2015 | ||
| 902 | _aA | ||
| 905 | _a5232272015 mx x 8225323322spa16 | ||
| 942 |
_cLIBRO _2ddc |
||
| 999 |
_c177413 _d177413 |
||